书目信息 |
| 题名: |
WebGIS开发从入门到实践
|
|
| 作者: | 吕利利 , 牛健平 编著 | |
| 分册: | ||
| 出版信息: | 北京 清华大学出版社 2024.10 |
|
| 页数: | 12, 323页 | |
| 开本: | 26cm | |
| 丛书名: | ||
| 单 册: | ||
| 中图分类: | P208 | |
| 科图分类: | ||
| 主题词: | 地理信息系统--di li xin xi xi tong--应用软件 | |
| 电子资源: | ||
| ISBN: | 978-7-302-67356-9 | |
| 000 | 018160am0 2200289 450 | |
| 001 | 89167 | |
| 005 | 20250814083354.91 | |
| 010 | @a978-7-302-67356-9@dCNY89.00 | |
| 100 | @a20241107d2024 em y0chiy50 ea | |
| 101 | 0 | @achi |
| 102 | @aCN@b110000 | |
| 105 | @aak a 000yy | |
| 106 | @ar | |
| 200 | 1 | @aWebGIS开发从入门到实践@AWebGIS kai fa cong ru men dao shi jian@f吕利利, 牛健平编著 |
| 210 | @a北京@c清华大学出版社@d2024.10 | |
| 215 | @a12, 323页@c图@d26cm | |
| 312 | @a英文题名取自封面 | |
| 314 | @a吕利利, 2015年毕业于兰州大学地理信息系统专业, 获学士学位, 2018年毕业于兰州大学地图学与地理信息系统专业, 获硕士学位。牛健平, 2012年毕业于兰州大学地理信息系统专业, 现就职于丰图科技, 任前端开发资深工程师。 | |
| 320 | @a有书目 | |
| 330 | @a本书基于开源的WebGIS开发技术, 内容涵盖WebGIS开发的基础知识和技术要点, 并通过实际应用和案例分析, 帮助读者更好地掌握相关知识, 理解WebGIS的应用场景和开发需求。本书共12章, 系统论述WebGIS开发的技术要点和项目实践。其中: 第1-3章为基础篇, 第1章主要讲解WebGIS开发中的Web基础, 第2章为GIS基础介绍, 第3章介绍开源的WebGIS开发框架。第4-10章为高级篇, 是基础篇的提升, 内容涵盖WebGIS开发中的大部分技能和知识点。第4章为GIS应用服务介绍, 第5章介绍使用较多的开源GIS服务器GeoServer, 第6章为空间数据管理的相关知识, 第7章和第8章主要讲解WebGIS开发中的矢量数据和栅格数据渲染, 第9章为地图控件的使用, 第10章讲解常用的地图交互。三维篇是第11章, 主要介绍Cesium框架的使用。实践篇是第12章, 通过一个完整的案例, 介绍WebGIS系统开发的全流程, 对WebGIS开发的常用知识和技术点进行全面的贯穿和实践。 | |
| 510 | 1 | @aFrom introduction to practice in WebGis development@zeng |
| 606 | 0 | @a地理信息系统@Adi li xin xi xi tong@x应用软件 |
| 690 | @aP208@v5 | |
| 701 | 0 | @a吕利利@Alv li li@4编著 |
| 701 | 0 | @a牛健平@Aniu jian ping@4编著 |
| 801 | 0 | @aCN@c20250909 |
| 905 | @a河南城建学院图书馆@dP208@eL893@f1 | |
| WebGIS开发从入门到实践/吕利利, 牛健平编著.-北京:清华大学出版社,2024.10 |
| 12, 323页:图;26cm |
| ISBN 978-7-302-67356-9:CNY89.00 |
| 本书基于开源的WebGIS开发技术, 内容涵盖WebGIS开发的基础知识和技术要点, 并通过实际应用和案例分析, 帮助读者更好地掌握相关知识, 理解WebGIS的应用场景和开发需求。本书共12章, 系统论述WebGIS开发的技术要点和项目实践。其中: 第1-3章为基础篇, 第1章主要讲解WebGIS开发中的Web基础, 第2章为GIS基础介绍, 第3章介绍开源的WebGIS开发框架。第4-10章为高级篇, 是基础篇的提升, 内容涵盖WebGIS开发中的大部分技能和知识点。第4章为GIS应用服务介绍, 第5章介绍使用较多的开源GIS服务器GeoServer, 第6章为空间数据管理的相关知识, 第7章和第8章主要讲解WebGIS开发中的矢量数据和栅格数据渲染, 第9章为地图控件的使用, 第10章讲解常用的地图交互。三维篇是第11章, 主要介绍Cesium框架的使用。实践篇是第12章, 通过一个完整的案例, 介绍WebGIS系统开发的全流程, 对WebGIS开发的常用知识和技术点进行全面的贯穿和实践。 |
| ● |
| 相关链接 |
|
|
|
正题名:WebGIS开发从入门到实践
索取号:P208/L893
 
预约/预借
| 序号 | 登录号 | 条形码 | 馆藏地/架位号 | 状态 | 备注 |
| 1 | 1623129 | 216231290 | 自科库401/401自科库 115排2列6层/ [索取号:P208/L893] | 在馆 |